00648nam a2200181 i 450000100060000000300090000600500170001500700030003200800410003510000380007624501030011426000440021730000220026170000260028385200200030999900170032995201200034638220ES-MaACL20250730063056.0t|030225s1905 xxk ||||1| eng d0 aBurke, Edmund, d1729-179793269813aAn essay on the sublime and beautiful / cby Edmund Burke ; with and introduction by Henry Morley. aLondon : bCassell and Company, c1905. a192 p. ; c16 cm.1 aMorley, Henry.983602 aES-MaACLjF-909 c38220d38220 00104070aATENEOMbATENEOMcDEPO2d2008-01-17eSCl0oF-909p1040233r2023-02-23 00:00:00w2023-02-23yMONOGRAFIA